| 000 | 00689cam a2200265 4500 | ||
|---|---|---|---|
| 001 | J84022 | ||
| 008 | 090401t1996 xxu||||| |||| 00| 0 eng d | ||
| 020 | _a1898383553 | ||
| 035 | _a(Sirsi) u78409 | ||
| 041 | _aeng | ||
| 050 | _a692.2 | ||
| 100 | _aAnstey, John | ||
| 245 | 3 | _aAn introduction to the Party Wall etc. Act 1996. | |
| 260 |
_aLondon _bLark Productions _c1996 |
||
| 300 | _axii,186p. ; 21cm. | ||
| 350 | _a25 | ||
| 490 |
_aEstates Gazette Need to Know Series _v8 |
||
| 650 | _aLAW CASES | ||
| 650 | _aPARTY WALL ETC ACT 1996 | ||
| 650 |
_aParty walls _96258 |
||
| 690 | _aBUILT ENVIRONMENT | ||
| 700 | _aVegoda, Victor H. | ||
| 942 | _n0 | ||
| 948 | _c20/05/1997 | ||
| 999 |
_c96443 _d96443 |
||